| 000 | 01231cas a2200397 a 4500 | ||
|---|---|---|---|
| 001 | 86143 | ||
| 005 | 20230410102134.0 | ||
| 008 | 940208d1992 dr ar p 0 0spa d | ||
| 010 | _asn 94035022 | ||
| 035 | _a(OCoLC)ocm29767822 | ||
| 040 |
_aIXA _cIXA _dDLC _dIXA _dOCLCQ |
||
| 012 | _i9402 | ||
| 029 | 1 |
_aAU@ _b000025376144 |
|
| 035 | _a(OCoLC)29767822 | ||
| 042 | _alcd | ||
| 043 | _anwdr--- | ||
| 050 | 1 | 4 |
_a118 PQ 7408 _bC965 1992 |
| 245 | 0 | 0 | _aCuento, obras premiadas. |
| 246 | 1 | 8 | _aCuentos premiados |
| 260 |
_aSanto Domingo, República Dominicana : _bCasa de Teatro, _c1992 |
||
| 300 |
_a107 p. : _bill. ; _c21 cm. |
||
| 310 | _aAnnual | ||
| 500 | _aDescription based on: 1992. | ||
| 650 | 0 |
_aShort stories, Dominican _vPeriodicals. |
|
| 650 | 4 | _aCuentos dominicanos. | |
| 650 | 4 | _aLiteratura dominicana. | |
| 650 | 4 | _aCES. | |
| 650 | 4 | _aColección Enriquillo Sánchez. | |
| 710 | 2 | _aCasa de Teatro (Dominican Republic) | |
| 780 | 0 | 0 |
_tCuentos premiados (Santo Domingo, Dominican Republic) _w(DLC) 85644642 _w(OCoLC)12528464 |
| 785 | 0 | 0 |
_tConcurso de cuentos de Casa de Teatro _w(DLC)sn 95036190 _w(OCoLC)32300606 |
| 942 |
_2lcc _cbk |
||
| 946 | _amjcruz | ||
| 994 |
_aC0 _bDRFGD |
||
| 999 |
_c19805 _d19805 |
||